| 000 | 01227cad a22002535a 4500 | ||
|---|---|---|---|
| 001 | L143533 | ||
| 008 | 071210s2008 xxkad f s 000 0 eng d | ||
| 035 | _a(Sirsi) u143533 | ||
| 041 | 0 | _aeng | |
| 050 | 0 | 4 | _a333.33 $2 18 |
| 110 | 2 |
_aRoyal Institution of Chartered Surveyors _bEconomics _95033 |
|
| 245 | 0 | 0 |
_aRICS UK economic brief _bMay 2008 _h[electronic resource] |
| 260 |
_aLondon _bRICS _c2008 |
||
| 490 | 0 |
_aRICS UK Economic Brief _vMay 2008 |
|
| 520 | _aReports that demand for commercial property fell at the fastest pace for over six years. New construction orders in the first quarter of 2008 fell to their lowest level since early 2005. The RICS Housing Market Survey for March 2008 found surveyor sentiment the most negative month since the survey began in January 1978. | ||
| 590 | _aKA | ||
| 650 | 2 | 4 | _aRICS UK ECONOMIC BRIEF |
| 651 | 4 |
_aUnited Kingdom _y |
|
| 690 | _aBUILT ENVIRONMENT-CONSTRUCTION MARKET | ||
| 690 | _aPROPERTY-COMMERCIAL PROPERTY-COMMERCIAL PROPERTY MARKET | ||
| 690 | _aPROPERTY-RESIDENTIAL PROPERTY- RESIDENTIAL PROPERTY MARKET | ||
| 856 | 4 | 0 |
_uhttps://www.rics.org/site/scripts/download_info.aspx?downloadID=959 _zView this report free of charge at www.rics.org... |
| 942 | _n0 | ||
| 999 |
_c108206 _d108206 |
||